|
|
|
|
| LEADER |
00647cam a2200181 7i4500 |
| 001 |
0000011290 |
| 005 |
20220906090000.0 |
| 020 |
|
|
|a 9832422019 (pbk.)
|
| 090 |
0 |
0 |
|a BP144.1
|b .F65 2002
|
| 245 |
0 |
0 |
|a Falsafah perundangan Islam
|c Amir Husin Mohd Nor...[et al.].
|
| 260 |
|
|
|a Selangor:
|b Mahzum book services,
|c 2002.
|
| 300 |
|
|
|a xi, 319 p.;
|c 21 cm.
|
| 504 |
|
|
|a Includes bibliographical references
|
| 650 |
0 |
0 |
|a Islamic law --
|x Philosophy
|
| 700 |
0 |
|
|a Amir Husin Mohd Nor
|
| 997 |
|
|
|a Education & Social Sciences, Faculty
|b Islamic Studies, Department
|
| 998 |
|
|
|a Islamic Studies, Degree
|
| 999 |
|
|
|a 0000014624
|b BOK
|c OPEN SHELF
|e 1st Floor, Bestari Jaya
|